THE PREDICTIVE VALUE OF KENYAN LIFE SCIENCE AND AWARENESS ON UNIVERSITY BIORISK MANAGEMENT.. (Record no. 217127)

MARC details
000 -LEADER
fixed length control field 00630nam a22001577a 4500
008 - FIXED-LENGTH DATA ELEMENTS--GENERAL INFORMATION
fixed length control field 260513b |||||||| |||| 00| 0 eng d
050 ## - LIBRARY OF CONGRESS CALL NUMBER
Classification number THE TP 248 .K4 M87 2025
100 ## - MAIN ENTRY--PERSONAL NAME
Personal name MIRUKA,ANDREW ODUOR.
245 ## - TITLE STATEMENT
Title THE PREDICTIVE VALUE OF KENYAN LIFE SCIENCE AND AWARENESS ON UNIVERSITY BIORISK MANAGEMENT..
260 ## - PUBLICATION, DISTRIBUTION, ETC.
Place of publication, distribution, etc. KISII,
Name of publisher, distributor, etc. KISII UNIVERSITY PRESS.
Date of publication, distribution, etc. 2025
300 ## - PHYSICAL DESCRIPTION
Extent XVIII. 233 P ,ILL
500 ## - GENERAL NOTE
General note INCLUDES BIBLIOGRAPHY
650 ## - SUBJECT ADDED ENTRY
Topical term or geographic name entry element 1. BIOLINK MANAGEMENT -KENYA - UNIVERSITIES 2. BIOLOGICAL SCIENCES- KENYA- SAFETY MEASURES. 3. LIFEW SCIENTISTS - KENYA -ATTITUDES.
942 ## - ADDED ENTRY ELEMENTS (KOHA)
Source of classification or shelving scheme Library of Congress Classification
Koha item type Reference
Holdings
Withdrawn status Lost status Source of classification or shelving scheme Damaged status Not for loan Collection Home library Current library Shelving location Date acquired Inventory number Total checkouts Full call number Barcode Date last seen Copy number Price effective from Koha item type
    Library of Congress Classification     Special Research Kisii University Library Kisii University Library On Display 05/13/2026 113307   THE TP 248 .K4 M87 2025 A000404 05/13/2026 1 05/13/2026 Reference